Body of Water Letter Chain - Statistics

General Stats
  • This quiz has been taken 52 times
    42 since last reset
  • The average score is 21 of 26
Answer Stats
Hint Answer % Correct
The longest river in Africa {Nile} River
97%
Channel separating Southern England from northern France {English} Channel
92%
Second largest ocean {Atlantic} Ocean
89%
Armenia, Azerbaijan, Georgia, Iran, Kazakhstan, Russia, Turkey, Turkmenistan, Uzbekistan {Caspian} Sea
89%
Large body of saltwater in northeastern Canada {Hudson} Bay
89%
Third largest ocean {Indian} Ocean
89%
Burundi, Kenya, Rwanda, Tanzania, Uganda Lake {Victoria}
89%
Canada, United States {Niagara} Falls
89%
Djibouti, Egypt, Eritrea, Saudi Arabia, Sudan, Yemen {Red} Sea
89%
Italy, Albania, Croatia, Greece, Montenegro, Slovenia, Bosnia {Adriatic} Sea
84%
Germany, Austria, Slovakia, Hungary, Croatia, Serbia, Bulgaria, Romania, Moldova, Ukraine {Danube} River
84%
Israel, Jordan, Palestine {Dead} Sea
84%
Utah Great {Salt} Lake
84%
Canada, United States Lake {Superior}
84%
Sea located between Denmark, Norway, Germany, The Netherlands, Belgium and France {North} Sea
84%
London River {Thames}
84%
Egypt {Suez } Canal
84%
Switzerland, Liechtenstein, Austria, Germany, France, Netherlands {Rhine} River
78%
West Indies (Greater Antilles and Lesser Antilles) {Caribbean} Sea
76%
Turkey, Iraq, Syria {Euphrates} River
76%
Venezuela {Angel} Falls
73%
Zambia, Angola, Namibia, Botswana, Zimbabwe, Mozambique {Zambezi} River
70%
Benin, Guinea, Mali, Niger, Nigeria {Niger} River
68%
Bolivia and Peru Lake {Titicaca}
65%
New York City {East} River
49%
Scotland Sea of the {Hebrides}
41%
No matching quizzes found
Score Distribution
Percent of People with Each Score
Percentile by Number Answered
Your Score History
You have not taken this quiz since the last reset